| 000 | 00485nam a22001937a 4500 | ||
|---|---|---|---|
| 005 | 20260603122313.0 | ||
| 008 | 260603b |||||||| |||| 00| 0 eng d | ||
| 020 |
_a9788171418671 _c1000.00 |
||
| 040 | _aMAIN | ||
| 041 | _aEnglish | ||
| 082 |
_a530 _bVAN |
||
| 100 |
_aVanaja, M. _926993 |
||
| 245 | _aMethods of Teaching Physics | ||
| 260 |
_aNew Delhi _bDiscovery _c2020 |
||
| 300 | _a339 | ||
| 650 |
_aPhysics (PM USHA _926699 |
||
| 700 |
_aRao, Bhaskara _926994 |
||
| 942 | _cBK | ||
| 999 |
_c60969 _d60969 |
||